000 00396nam a2200145Ia 4500
008 230917s9999||||xx |||||||||||||| ||und||
040 _e130758
_aMAIN
041 _aEnglish
082 _a338.16 D536I
100 _aDhawan, B D
245 0 _aIrrigation in India's development: productivity, stability, equity
260 _aNew Delhi
_bSage Publications
_c1988
300 _a258p. p.
942 _cBK
999 _c62360
_d62360